<?xml version="1.0" encoding="UTF-8"?>
<record
    xmlns:xsi="http://www.w3.org/2001/XMLSchema-instance"
    xsi:schemaLocation="http://www.loc.gov/MARC21/slim http://www.loc.gov/standards/marcxml/schema/MARC21slim.xsd"
    xmlns="http://www.loc.gov/MARC21/slim">

  <leader>01222nam a22002297a 4500</leader>
  <controlfield tag="005">20160407020002.0</controlfield>
  <controlfield tag="008">131113b2009    ck ||||| |||| 00| 0 spa d</controlfield>
  <datafield tag="040" ind1=" " ind2=" ">
    <subfield code="a">CO-BoIAVH</subfield>
    <subfield code="c">CO-BoIAVH</subfield>
  </datafield>
  <datafield tag="041" ind1=" " ind2=" ">
    <subfield code="a">spa</subfield>
  </datafield>
  <datafield tag="090" ind1=" " ind2=" ">
    <subfield code="a">IAVH</subfield>
    <subfield code="b">01486</subfield>
  </datafield>
  <datafield tag="100" ind1=" " ind2=" ">
    <subfield code="a">Clavijo - Neidy</subfield>
    <subfield code="9">2514</subfield>
  </datafield>
  <datafield tag="245" ind1=" " ind2=" ">
    <subfield code="a">Evaluci&#xF3;n de la capacitacidad de generar accion colectiva entre las distintas insitituciones formales y no formales en el proceso de implementacion del plan de manejo ambiental del Macizo del P&#xE1;ramo Rabanal</subfield>
  </datafield>
  <datafield tag="260" ind1=" " ind2=" ">
    <subfield code="a">Bogota </subfield>
    <subfield code="b">Instituto  de Investigaci&#xF3;n de Recursos Biol&#xF3;gicos Alexander von Humboldt</subfield>
    <subfield code="c">2009</subfield>
  </datafield>
  <datafield tag="300" ind1=" " ind2=" ">
    <subfield code="a">125 p.</subfield>
    <subfield code="b">figuras,tablas</subfield>
    <subfield code="c">27 cm</subfield>
  </datafield>
  <datafield tag="500" ind1=" " ind2=" ">
    <subfield code="a">Informe t&#xE9;cnico convenio 08-06-0303 CE,  entre Instituto de Investigaci&#xF3;n de Recursos Biol&#xF3;gicos Alexander Von Humboldt y la Pontificia Universidad Javeriana.</subfield>
  </datafield>
  <datafield tag="520" ind1=" " ind2=" ">
    <subfield code="a">Proyecto de investigaci&#xF3;n presenta la evalucion de generar acci&#xF3;n colectiva entre las distintas instituciones formales y no formales en el proceso del plan de manejo ambiental del Paramo de Rabanal.</subfield>
  </datafield>
  <datafield tag="650" ind1=" " ind2=" ">
    <subfield code="a">Paramo de Rabanal</subfield>
    <subfield code="9">2515</subfield>
  </datafield>
  <datafield tag="650" ind1=" " ind2=" ">
    <subfield code="a">Antiplano</subfield>
    <subfield code="z">Cundiboyacense</subfield>
    <subfield code="9">32452</subfield>
  </datafield>
  <datafield tag="700" ind1=" " ind2=" ">
    <subfield code="a">Garrido-Evelyn </subfield>
    <subfield code="9">2517</subfield>
  </datafield>
  <datafield tag="700" ind1=" " ind2=" ">
    <subfield code="a">Maya -Diana</subfield>
    <subfield code="9">2518</subfield>
  </datafield>
  <datafield tag="942" ind1=" " ind2=" ">
    <subfield code="2">z</subfield>
    <subfield code="c">INFORME</subfield>
    <subfield code="0">1</subfield>
  </datafield>
  <datafield tag="999" ind1=" " ind2=" ">
    <subfield code="c">7792</subfield>
    <subfield code="d">7792</subfield>
  </datafield>
  <datafield tag="952" ind1=" " ind2=" ">
    <subfield code="0">0</subfield>
    <subfield code="1">0</subfield>
    <subfield code="2">z</subfield>
    <subfield code="4">0</subfield>
    <subfield code="7">0</subfield>
    <subfield code="8">HUMBOLDT</subfield>
    <subfield code="I">INV2017</subfield>
    <subfield code="a">Bogota</subfield>
    <subfield code="b">Bogota</subfield>
    <subfield code="d">2013-11-13</subfield>
    <subfield code="l">1</subfield>
    <subfield code="o">IAVH-01486</subfield>
    <subfield code="p">059272</subfield>
    <subfield code="r">2024-08-09 00:00:00</subfield>
    <subfield code="s">2016-04-06</subfield>
    <subfield code="t">Ej. 1</subfield>
    <subfield code="w">2013-11-13</subfield>
    <subfield code="x">Dep&#xF3;sito Institucional</subfield>
    <subfield code="y">INFORME</subfield>
  </datafield>
</record>
